Research of problems and technologies for the development scheme of data national standard data transmission for Russian oil & gas companies; Современные технологии поддержки принятия решений в экономике

Bibliografiske detaljer
Parent link:Современные технологии поддержки принятия решений в экономике.— 2016.— [С. 204-205]
Hovedforfatter: Goncharov A. S.
Institution som forfatter: Национальный исследовательский Томский политехнический университет (ТПУ) Юргинский технологический институт (филиал) (ЮТИ) Кафедра информационных систем (ИС)
Andre forfattere: Marchukov A. V. Artur Viktorovich (научный руководитель)
Summary:Заглавие с титульного экрана
Sprog:russisk
Udgivet: 2016
Serier:Средства создания и поддержки проблемно-ориентированных систем, основанных на знаниях, и экспертных систем
Fag:
Online adgang:http://earchive.tpu.ru/handle/11683/34970
Format: Electronisk Book Chapter
KOHA link:https://koha.lib.tpu.ru/cgi-bin/koha/opac-detail.pl?biblionumber=621205

MARC

LEADER 00000naa2a2200000 4500
001 621205
005 20231101133141.0
035 |a (RuTPU)RU\TPU\conf\19772 
035 |a RU\TPU\conf\19770 
090 |a 621205 
100 |a 20161206d2016 k y0engy50 ba 
101 0 |a rus 
102 |a RU 
105 |a y z 101zy 
135 |a drgn ---uucaa 
181 0 |a i  
182 0 |a b 
200 1 |a Research of problems and technologies for the development scheme of data national standard data transmission for Russian oil & gas companies  |f A. S. Goncharov  |g sci. adv. A. V. Marchukov 
203 |a Текст  |c электронный 
225 1 |a Средства создания и поддержки проблемно-ориентированных систем, основанных на знаниях, и экспертных систем 
230 |a 1 компьютерный файл (pdf; 158 Kb) 
300 |a Заглавие с титульного экрана 
320 |a [Библиогр.: с. 205 (2 назв.)] 
463 0 |0 (RuTPU)RU\TPU\conf\19700  |t Современные технологии поддержки принятия решений в экономике  |o сборник трудов III Всероссийской научно-практической конференции студентов, аспирантов и молодых ученых, 24-25 ноября 2016 г., г. Юрга  |f Национальный исследовательский Томский политехнический университет (ТПУ), Юргинский технологический институт (ЮТИ) ; под ред. А. А. Захаровой  |v [С. 204-205]  |d 2016 
610 1 |a труды учёных ТПУ 
610 1 |a электронный ресурс 
610 1 |a передача данных 
610 1 |a национальные стандарты 
610 1 |a нефтяные компании 
610 1 |a газовые компании 
610 1 |a обработка 
610 1 |a данные 
610 1 |a программные технологии 
610 1 |a данные 
700 1 |a Goncharov  |b A. S. 
702 1 |a Marchukov  |b A. V.  |c Specialist in the field of informatics and computer technology  |c The Head of the Laboratory of Tomsk Polytechnic University  |f 1947-  |g Artur Viktorovich  |2 stltpush  |4 727 
712 0 2 |a Национальный исследовательский Томский политехнический университет (ТПУ)  |b Юргинский технологический институт (филиал) (ЮТИ)  |b Кафедра информационных систем (ИС)  |h 1492  |2 stltpush  |3 (RuTPU)RU\TPU\col\18893 
801 2 |a RU  |b 63413507  |c 20181015  |g RCR 
856 4 |u http://earchive.tpu.ru/handle/11683/34970 
942 |c BK